000 00447nam a2200169Ia 4500
008 130318s9999 xx 000 0 und d
020 _a9812359958
082 _a004.21 HOF/M
100 _aHoffer, Jeffrey A
245 _aModern systems analysis and design
250 _a2
260 _bPearson Education
_aNew Delhi
_c2000
300 _a854
650 _aSYSTEM ANALYSIS AND DESIGN
700 _aGeorge, Joey F
700 _aValacich, Joseph S
999 _c343
_d343